Engineering ethics (Record no. 83581)
[ view plain ]
| 000 -LEADER | |
|---|---|
| fixed length control field | 01865nam a2200325Ia 4500 |
| 082 04 - DEWEY DECIMAL CLASSIFICATION NUMBER | |
| Classification number | 174.962 |
| Item number | B328e |
| 100 1# - MAIN ENTRY--AUTHOR NAME | |
| Personal name | Baura, Gail D. |
| 245 10 - TITLE STATEMENT | |
| Title | Engineering ethics |
| 260 ## - PUBLICATION, DISTRIBUTION, ETC. (IMPRINT) | |
| Place of publication | Boston : |
| Name of publisher | Elsevier Academic Press, |
| Year of publication | c2006. |
| 300 ## - PHYSICAL DESCRIPTION | |
| Number of Pages | xix, 220 p. : |
| Other physical details | ill. |
| 505 0# - FORMATTED CONTENTS NOTE | |
| Formatted contents note | A personal engineering ethics threshold -- Options for action when an engineering ethics threshold is reached -- 1978: Ford Pinto recall -- 1981: Kansas City Hyatt Regency skywalk collapse -- 1986: Challenger space shuttle explosion -- 1989: Exxon Valdez oil spill -- 1989: San Francisco-Oakland Bay Bridge earthquake collapse -- 1994: Bjork-Shiley heart valve defect -- 1999: Y2K software conversion -- 2002: Bell Laboratories scientific fraud -- 2002: Ford Explorer rollover -- 2003: Columbia space shuttle explosion -- 2003: Guidant Ancure Endograft System -- 2003: Northeast blackout -- 2004: Indian Ocean tsunami -- Anonymous industrial engineering ethics cases. |
| 650 #0 - SUBJECT ADDED ENTRY--TOPICAL TERM | |
| Topical Term | Engineering ethics. |
| Topical Term | Engineering ethics |
| 856 40 - ELECTRONIC LOCATION AND ACCESS | |
| Uniform Resource Identifier | http://site.ebrary.com/lib/rucke/Doc?id=10138013 |
No items available.
